000 00532nam a2200205Ia 4500
003 GCL
008 140319s9999 xx 000 0 ara d
040 _aGCL /
_cGCL
082 0 4 _a070.412
_bا خ
100 1 _aاحسان عسكر
245 1 0 _aالخبر ومصادرة /
_cاحسان عسكر
300 _a184 ص
490 _a
650 0 4 _aالصحافة
650 0 4 _aالانباء
650 0 4 _aالصحف
650 0 4 _aالمقابلات الصحفية
650 0 4 _aالصحافة - تحرير
942 _2ddc
_cBK
999 _c37726
_d37726